| 000 | 01446nam0a2200349 4500 | ||
|---|---|---|---|
| 001 | RU\NLR\bibl\875317 | ||
| 005 | 20260407120820.0 | ||
| 010 |
_a5-9626-0115-7 _93000 |
||
| 021 |
_aRU _b2005-66521 _93277 |
||
| 035 | _a(NLR Aleph) 000863920 | ||
| 090 |
_a1557164 _c1557164 |
||
| 100 | _a20051121d2006 |||y0rusy50 ca | ||
| 101 | 0 | _arus | |
| 102 | _aRU | ||
| 105 | _aa ||||||||| | ||
| 200 | 1 |
_aУСН, ЕНВД _eпроблемы исчисления налогов _fЕженед. проф. газ. Учет. Налоги. Право |
|
| 210 |
_aМосква _cВершина _d2006 [т. е. 2005] |
||
| 215 |
_a159 с. _d20 |
||
| 225 | 1 |
_aГорячая линия _iНа связи специалисты Минфина России и налоговой службы |
|
| 300 | _aКн. фактически изд. в 2005 г. | ||
| 606 | 1 |
_aНалоговая система _yРоссийская Федерация _92087110 _3RU\NLR\auth\661263264 |
|
| 606 | 1 |
_aНалог на вмененный доход _yРоссийская Федерация _92102747 _3RU\NLR\auth\661271543 |
|
| 686 | _aУ26(2)141.3 | ||
| 686 | _aУ26(2)141.1 | ||
| 686 | _aУ052.9(2)226.141.3 | ||
| 712 | 0 | 2 |
_4570 _a"Учет. Налоги. Право", газета _cМосква _9640206 _3RU\NLR\AUTH\8810069319 |
| 801 | 0 |
_aRU _bNLR _c20051121 _grcr |
|
| 801 | 1 |
_aRU _bNLR _c20051121 |
|
| 942 | _cBOOK | ||
| 980 | _aNB | ||